| 000 | 00732nam a2200217 a 4500 | ||
|---|---|---|---|
| 005 | 20240924065328.0 | ||
| 008 | 991125s1983 mx 000 0 spa u | ||
| 035 | _aUPN01000006810 | ||
| 049 | _aF | ||
| 050 | 4 |
_aLC5309 U6.1 _bC5.4 |
|
| 100 | 1 |
_aCisneros Paz, Erasmo _935020 |
|
| 245 | 1 | 3 |
_aLa carrera de Licenciatura en Educación Indígena en la Universidad Pedagógica Nacional / _cErasmo Cisneros Paz. |
| 260 |
_aMéxico : _bUPN, Academia de Educación Indígena, _c1983. |
||
| 300 | _a10 h. | ||
| 440 | 0 |
_aCuadernos de trabajo ; _v1 |
|
| 500 | _aFotocopia | ||
| 650 | 4 |
_aEducación superior _zMéxico _94968 |
|
| 650 | 4 |
_aEducación y Estado _zMéxico _9476 |
|
| 650 | 4 |
_aIndígenas de México _xEducación _910 |
|
| 905 | _aLibro | ||
| 999 |
_c6810 _d6810 |
||